| 000 | 00601nam a2200229Ia 4500 | ||
|---|---|---|---|
| 003 | OSt | ||
| 005 | 20230503103508.0 | ||
| 008 | 210423s2020 xx 000 0 und d | ||
| 020 | _a978-81-8473-450-8 | ||
| 040 | _cAL | ||
| 041 | _aeng | ||
| 082 |
_a574.88 _223 _bROBC |
||
| 100 |
_aROBERTIS (De E D P);ROBERTIS (De E M F) _996588 |
||
| 245 | _aCell and molecular biology Ed 8 | ||
| 250 | _a8 | ||
| 260 |
_aNew Delhi _bWolter Kluwer _c2020 |
||
| 300 |
_axxix,734 _bPB |
||
| 365 |
_b1699 _cINR |
||
| 650 |
_aMolecular Biology _996589 |
||
| 906 | _abiology ; Cell ; molecular | ||
| 942 |
_2ddc _cBK |
||
| 999 |
_c170725 _d170725 |
||